Príspevok J. A. Schumpetera k otázkam hospodárskeho rozvoja

Rozdielne prístupy teórií hospodárskeho rozvoja k formulovaniu problémov a predmetu svojho záujmu. Vysvetlenie teórie hospodárskeho rozvoja podľa A. Schumpetera a poukázanie na posun v chápaní teórie v endogénnych teóriách rastu rozpracovanými Paulom Romerom a Robertom Lucasom vo vzťahu k Schumpeter...

Descrizione completa

Salvato in:
Dettagli Bibliografici
Autore principale: Lábaj, Martin, 1982-
Natura: Capitolo di libro
Lingua:slovacco
Soggetti:
Tags: Aggiungi Tag
Nessun Tag, puoi essere il primo ad aggiungerne!!

MARC

LEADER 00000naa$a2200000$$$4500
001 0066246
005 20240502071802.8
041 0 |a slo 
044 |a SK 
245 1 0 |a Príspevok J. A. Schumpetera k otázkam hospodárskeho rozvoja  |c Martin Lábaj 
520 |a Rozdielne prístupy teórií hospodárskeho rozvoja k formulovaniu problémov a predmetu svojho záujmu. Vysvetlenie teórie hospodárskeho rozvoja podľa A. Schumpetera a poukázanie na posun v chápaní teórie v endogénnych teóriách rastu rozpracovanými Paulom Romerom a Robertom Lucasom vo vzťahu k Schumpeterovej teórii hospodárskeho rozvoja. 
610 2 0 |a rozvoj hospodársky 
610 2 0 |a teórie ekonomické 
610 2 0 |a vývoj hospodársky 
610 2 0 |a podnikatelia 
610 2 0 |a kapitál 
100 1 |a Lábaj, Martin, 1982-